Stereoscopic displays and virtual reality systems VII : 24-27 January 2000, San Jose, California /

Bibliographic Details
Corporate Authors: IS & T--the Society for Imaging Science and Technology, Society of Photo-optical Instrumentation Engineers
Other Authors: Merritt, John O.
Format: Book
Language:English
Published: Bellingham, Washington : SPIE, [1999]
Series:Proceedings of SPIE--the International Society for Optical Engineering ; v. 3957.
Subjects:

MARC

Tag First Indicator Second Indicator Subfields
LEADER 00000cam a2200000 a 4500
001 in00001543413
005 20151022054008.0
008 000522s2000 waua b 101 0 eng d
020 |a 0819435759 
035 |a (OCoLC)ocm44092637 
040 |a LHL  |c LHL  |d TXA  |d UtOrBLW 
049 |a TXAM 
090 |a TA1632  |b .S76 2000 
245 0 0 |a Stereoscopic displays and virtual reality systems VII :  |b 24-27 January 2000, San Jose, California /  |c John O. Merritt [and others], chairs/editors ; sponsored by SPIE--the International Society for Optical Engineering [and] IS&T--the Society for Imaging Science and Technology ; published by SPIE--the International Society for Optical Engineering. 
246 3 0 |a Stereoscopic displays and virtual reality systems seven 
246 3 |a Stereoscopic displays and virtual reality systems 7 
264 1 |a Bellingham, Washington :  |b SPIE,  |c [1999] 
264 4 |c ©1999 
300 |a xvii, 496 pages :  |b illustrations ;  |c 28 cm. 
336 |a text  |b txt  |2 rdacontent 
337 |a unmediated  |b n  |2 rdamedia 
338 |a volume  |b nc  |2 rdacarrier 
490 1 |a Proceedings / SPIE--the international society for optical engineering ;  |v v. 3957 
504 |a Includes bibliographical references and index. 
650 0 |a Three-dimensional display systems  |v Congresses. 
650 0 |a Virtual reality  |v Congresses. 
700 1 |a Merritt, John O. 
710 2 |a IS & T--the Society for Imaging Science and Technology. 
710 2 |a Society of Photo-optical Instrumentation Engineers. 
830 0 |a Proceedings of SPIE--the International Society for Optical Engineering ;  |v v. 3957. 
948 |a cataloged  |b h  |c 2000/5/29  |d c  |e dmitchel  |f 10:46:05 am 
994 |a E0  |b TXA 
999 |a MARS 
999 f f |s fb118a69-d374-30a1-867d-af70271ff664  |i 52b7274b-a036-33c4-8910-e2dff0710e25  |t 0 
952 f f |p ric  |a Texas A&M University  |b Rellis Campus  |c Joint Library Facility  |d Remote Storage  |t 0  |e TA1632 .S76 2000  |h Library of Congress classification  |i unmediated -- volume  |m A14826235379 
998 f f |a TA1632 .S76 2000  |t 0  |l Remote Storage